| 000 | 01006nam a2200229 i 4500 | ||
|---|---|---|---|
| 001 | 54632 | ||
| 003 | ES-MaACL | ||
| 005 | 20230906163004.0 | ||
| 007 | t| | ||
| 008 | 960723s1840 fr ||||1| fre d | ||
| 040 |
_aCAM _bspa _cCAM |
||
| 100 | 1 |
_aFroissart, Jean. _952718 |
|
| 245 | 1 | 4 |
_aLes chroniques de sire Jean Froissart _b: qui traitent des marveilleuses emprises, nobles aventures et faits d'armes advenus en son temps en France, Angleterre, ... / _cnouvellement revues et augmentées d'apres les manucrits, avec notes, éclaircissements, tables et glossaire par J. A. C. Buchon. |
| 260 |
_aParis : _bAuguste Desrez, _c1840. |
||
| 300 |
_a3 v. ; _c26 cm. |
||
| 650 | 0 | 4 |
_aGuerra de los Cien Años, 1337-1453. _913192 |
| 651 | 4 |
_aEuropa- _xHistoria- _y0476-1492. _9160435 |
|
| 651 | 4 |
_aGran Bretaña- _xHistoria- _y154-1399, Casa de Plantagenet. _9160436 |
|
| 651 | 4 |
_aFrancia- _xHistoria- _y1328-1589, Valois. _9160437 |
|
| 700 | 1 |
_aBuchon, Jean-Alexandre. _9126221 |
|
| 852 |
_aES-MaACL _jG-13574-76 |
||
| 999 |
_c54632 _d54632 |
||